<?xml version="1.0" encoding="UTF-8"?>
<collection xmlns="http://www.loc.gov/MARC21/slim">
  <record>
    <leader>00000nam  2200000   4500</leader>
    <controlfield tag="001">INLIS000000000015942</controlfield>
    <controlfield tag="005">20231003092751</controlfield>
    <datafield tag="035" ind1="#" ind2="#">
      <subfield code="a">0010-1023000024</subfield>
    </datafield>
    <datafield tag="245" ind1="1" ind2="#">
      <subfield code="a">Membangun Strategi Kampus Sebagai Obyek Vital Polri Melalui Kebijakan Lembaga Pendidikan Sebagai Centre Of Excellence untuk Mewujudkan SDM Polri yang Unggul di Era Police 4.0 /</subfield>
      <subfield code="c">M. Agus Fajar</subfield>
    </datafield>
    <datafield tag="100" ind1=" " ind2="#">
      <subfield code="a">M. Agus Fajar</subfield>
    </datafield>
    <datafield tag="250" ind1="#" ind2="#">
      <subfield code="a">1</subfield>
    </datafield>
    <datafield tag="300" ind1="#" ind2="#">
      <subfield code="a">185 halaman :</subfield>
      <subfield code="b">ilus ;</subfield>
      <subfield code="c">30 cm</subfield>
    </datafield>
    <datafield tag="856" ind1="#" ind2="#">
      <subfield code="a">Perpustakaan LAN Pusat</subfield>
    </datafield>
    <datafield tag="260" ind1="#" ind2="#">
      <subfield code="a">Jakarta :</subfield>
      <subfield code="b">Pusbangkom Pimnas dan Manajerial ASN,</subfield>
      <subfield code="c">2022</subfield>
    </datafield>
    <datafield tag="084" ind1="#" ind2="#">
      <subfield code="a">R 135 PIM I 2022</subfield>
    </datafield>
    <datafield tag="650" ind1="#" ind2="4">
      <subfield code="a">Polri</subfield>
    </datafield>
    <datafield tag="520" ind1="#" ind2="#">
      <subfield code="a">Lemdiklat Polri memiliki visi yaitu mewujudkan Lembaga Pendidikan Polri menjadi Centre Of Excellence dalam mencetak anggota Polri yang Presisi (prediktif, responsibilitas, dan tranparansi berkeadilan). Sedangkan strategi Lemdiklat Polri untuk mencapai visi tersebut yaitu dengan memposisikan kampus (Satuan Pendidikan) sebagai objek vital Polri. Mewujudkan Lembaga Pendidikan Polri perlu didukung dengan kebijakan yang menjadi acuan dan pijakan bagi Satdik Polri untuk bisa mencapainya. Berdasarkan pemikiran tersebut ditas, Project leader memiliki gagasan agar tersediannya strategi kampus sebagai objek vital Polri melalui kebijakan menjadikan lembaga pendidikan Polri sebagai centre of excellence untuk mewujudkan SDM Polri yang unggul di era Police 4.0 perlu dibuat kebijakan dalam bentuk peraturan Kalemdiklat Polri melalui proyek perubahan</subfield>
    </datafield>
    <datafield tag="990" ind1="#" ind2="#">
      <subfield code="a">135</subfield>
    </datafield>
  </record>
</collection>
